Μαθήματα πρώτων βοηθειών : για επαγγέλματα υγείας
Αποθηκεύτηκε σε:
| Κύριος συγγραφέας: | |
|---|---|
| Μορφή: | Βιβλίο |
| Γλώσσα: | Greek |
| Δημοσίευση: |
Αθήνα :
Βήτα Medical Arts,
1992
|
| Έκδοση: | 3η έκδ. |
| Θέματα: | |
| Ετικέτες: |
Προσθήκη ετικέτας
Δεν υπάρχουν, Καταχωρήστε ετικέτα πρώτοι!
|
MARC
| LEADER | 00000cam a2200000 i 4500 | ||
|---|---|---|---|
| 001 | 1/75775 | ||
| 008 | 970128s1992 gre d | ||
| 020 | |a 960-7308-20-4 | ||
| 035 | |a 1993 |b 2 |c Δωρεά |l 10032219 | ||
| 035 | |a 1997 |b 3 |c Δωρεά | ||
| 040 | |a GR-MY-UA |b gre |e aacr | ||
| 041 | 0 | |a gre | |
| 082 | 0 | |a 616.252 | |
| 100 | 1 | |a Γερμενής, Τάσος. | |
| 245 | 1 | 0 | |a Μαθήματα πρώτων βοηθειών : |b για επαγγέλματα υγείας / |c Τάσος Γερμενής |
| 250 | |a 3η έκδ. | ||
| 260 | |a Αθήνα : |b Βήτα Medical Arts, |c 1992 | ||
| 300 | |a 268 σ. | ||
| 500 | |a 3η έκδοση το 1994 | ||
| 650 | 0 | 0 | |a First aid in illness and injury. |
| 650 | 0 | 0 | |a Medical emergencies. |
| 852 | |a INST |b LESVOS |e 20000301 |h 616.0252 ΓΕΡ |p 005100021764 |q 005100021764 |t BK |y 0 | ||
| 852 | |a INST |b RHODES |e 19970128 |h 616.0252 ΓΕΡ |p 005400000486 |q 005400000486 |t BK |y 0 | ||
| 852 | |a INST |b RHODES |e 19970128 |h 616.0252 ΓΕΡ |p 005400000487 |q 005400000487 |t BK |y 0 | ||
| 852 | |a INST |b RHODES |e 19970128 |h 616.0252 ΓΕΡ |p 005400000488 |q 005400000488 |t BK |y 0 | ||
| 852 | |a INST |b RHODES |e 19970128 |h 616.0252 ΓΕΡ |p 005400000489 |q 005400000489 |t BK |y 0 | ||
| 852 | |a INST |b RHODES |e 19970128 |h 616.0252 ΓΕΡ |p 005400000490 |q 005400000490 |t BK |y 0 | ||
| 852 | |a INST |b RHODES |e 19971217 |h 616.0252 ΓΕΡ |p 005400005079 |q 005400005079 |t BK |y 0 | ||
| 852 | |a INST |b RHODES |e 19971217 |h 616.0252 ΓΕΡ |p 005400005080 |q 005400005080 |t BK |y 0 | ||
| 852 | |a INST |b RHODES |e 20000210 |h 616.0252 ΓΕΡ |p 005400013999 |q 005400013999 |t BK |y 0 | ||
| 909 | |a Ρ |b 027343 | ||
| 909 | |a Ρ |b 027344 | ||
| 909 | |a Ρ |b 027345 |c 1993 | ||
| 909 | |a Ρ |b 027346 | ||
| 909 | |a Ρ |b 027347 | ||
| 909 | |a Ρ |b 048861 | ||
| 909 | |a Ρ |b 048862 | ||
| 909 | |a Ρ |b 073630 | ||
| 909 | |a Λ |b 068523 | ||
| 922 | |a 4ΔΩΡ |b 199306 |c ΔΩΡΕΑ | ||
| 922 | |a 4ΔΩΡ |b 199712 |c ΔΩΡΕΑ | ||
| 922 | |a 4ΔΩΡ |b 200002 |c ΔΩΡΕΑ | ||
| 970 | |a ΧΟΡΟΖΙΔΟΥ |b ΤΖΕΝΗ |z 1999/11/10 | ||